Introduction to catering: (Record no. 1198)
[ view plain ]
| 000 -LEADER | |
|---|---|
| fixed length control field | 00664nam a22001937a 4500 |
| 005 - DATE AND TIME OF LATEST TRANSACTION | |
| control field | 20230216070158.0 |
| 008 - FIXED-LENGTH DATA ELEMENTS--GENERAL INFORMATION | |
| fixed length control field | 230216b |||||||| |||| 00| 0 eng d |
| 020 ## - INTERNATIONAL STANDARD BOOK NUMBER | |
| International Standard Book Number | 981-240-320-5 |
| 082 ## - DEWEY DECIMAL CLASSIFICATION NUMBER | |
| Classification number | 642 Sh558 2000 |
| 100 ## - MAIN ENTRY--PERSONAL NAME | |
| Personal name | Shiring, Stephen B., Sr. |
| Relator term | author |
| 245 ## - TITLE STATEMENT | |
| Title | Introduction to catering: |
| Remainder of title | ingredients for success / |
| Statement of responsibility, etc. | Stephen B. Shiring, Sr., R. Williams Jardine, Ricahrd J. Mills, Jr. |
| 260 ## - PUBLICATION, DISTRIBUTION, ETC. | |
| Place of publication, distribution, etc. | Australia: |
| Name of publisher, distributor, etc. | Delmar Publishing, |
| Date of publication, distribution, etc. | c2000. |
| 300 ## - PHYSICAL DESCRIPTION | |
| Extent | xv, 398p.; |
| Other physical details | ill. |
| 504 ## - BIBLIOGRAPHY, ETC. NOTE | |
| Bibliography, etc. note | Includes index |
| 541 ## - IMMEDIATE SOURCE OF ACQUISITION NOTE | |
| Accession number | 3515 c.1, 4307 c.2, 4308 c.3 |
| 650 ## - SUBJECT ADDED ENTRY--TOPICAL TERM | |
| Topical term or geographic name entry element | Catering |
| 700 ## - ADDED ENTRY--PERSONAL NAME | |
| Personal name | Jardine, R. W. |
| Relator term | author |
| 700 ## - ADDED ENTRY--PERSONAL NAME | |
| Personal name | Mills, Richard J., Jr. |
| Relator term | author |
| Withdrawn status | Lost status | Source of classification or shelving scheme | Damaged status | Not for loan | Home library | Current library | Date acquired | Total Checkouts | Full call number | Barcode | Date last seen | Copy number | Price effective from | Koha item type |
|---|---|---|---|---|---|---|---|---|---|---|---|---|---|---|
| Dewey Decimal Classification | ctu-moalboal | ctu-moalboal | 01/29/2014 | 642 Sh558 2000 | 3515 | 02/16/2023 | 1 | 02/16/2023 | Books-Reference | |||||
| Dewey Decimal Classification | ctu-moalboal | ctu-moalboal | 11/01/2015 | 642 Sh558 2000 | 4307 | 02/16/2023 | 2 | 02/16/2023 | Books-Reference | |||||
| Dewey Decimal Classification | ctu-moalboal | ctu-moalboal | 11/01/2015 | 642 Sh558 2000 | 4308 | 02/16/2023 | 3 | 02/16/2023 | Books-Reference |